000 00797nam a2200313Ia 4500
001 3306
005 20240113233622.0
007 ta
008 170530s ii a g b000 u 465 u
020 _a81-7371-381-2
040 _aCotton College Assam
041 _aeng
082 _a523.01
_bAb 46 As
100 _aAbhyankar, K D .
245 0 _aAstrophysics: Stars and Galaxies /
_cK D Abhyankar.
_hTextual Documents
260 _aHyderabad :
_bUniversity Press ,
_c1992.
300 _a540p. :
_bill ;
_c24 cm. .
504 _aBib, Index.
653 _aAstrophysics
653 _aAstronomy
653 _aPG-Physics
653 _aG-Mathematics
942 _2ddc
_cBK
999 _c3294
_d3294